000 00721nam a2200229 i 4500
001 bgj
100 1 _aBECHER, Martin Roda
_d(1944- ).
245 1 0 _aAn den Grenzen des Staunens :
_bAufsätze zur Phantastik /
_cMartin Roda Becher.
260 _aFrankfurt am Main :
_bSuhrkamp,
_c1983.
300 _a132 S. ;
_c18 cm.
490 1 _aPhantastische Bibliothek ;
_vBd 99
504 _aBibliographie S. 132.
650 _aDeutsche Literatur
_xGeschichte und Kritik
650 _aPhantastische Literatur
_xGeschichte und Kritik
830 _aPhantastische Bibliothek ;
020 _a351837415X
040 _cBPK
041 0 _ager
920 _a3-518-37415-X
942 _cKS
008 s gw f |000 0 ger
999 _c50247
_d50247
856 _uhttp://koha.tu.koszalin.pl/cgi-bin/koha/opac-detail.pl?biblionumber=50247
_yKatalog online BPK